Critical heuristics of social planning : a new approach to practical philosophy
Αποθηκεύτηκε σε:
| Κύριος συγγραφέας: | |
|---|---|
| Μορφή: | Βιβλίο |
| Γλώσσα: | English |
| Δημοσίευση: |
Chichester : New York :
J. Wiley & Sons,
1994
|
| Θέματα: | |
| Ετικέτες: |
Προσθήκη ετικέτας
Δεν υπάρχουν, Καταχωρήστε ετικέτα πρώτοι!
|
MARC
| LEADER | 00000cam a2200000 i 4500 | ||
|---|---|---|---|
| 001 | 1/22127 | ||
| 008 | 960710r19941983 eng d | ||
| 020 | |a 0471953458 ((pbk.)) | ||
| 035 | |l 10021841 | ||
| 040 | |a GR-MY-UA |b gre |e aacr | ||
| 041 | 0 | |a eng | |
| 082 | 0 | |a 301.01 | |
| 100 | 1 | |a Ulrich, Werner |d 1948- | |
| 245 | 1 | 0 | |a Critical heuristics of social planning : |b a new approach to practical philosophy / |c Werner Ulrich |
| 260 | |a Chichester : |a New York : |b J. Wiley & Sons, |c 1994 | ||
| 300 | |a 504 σ.; |b εικ.; |c 22 cm | ||
| 500 | |a Originally published: Bern : P. Haupt, c1983 | ||
| 500 | |a Περιέχει ευρετήρια | ||
| 504 | |a Βιβλιογραφία: σ. 419-442 | ||
| 650 | 0 | 0 | |a Sociology |x Philosophy. |
| 650 | 0 | 0 | |a Social planning |x Philosophy. |
| 650 | 0 | 0 | |a Knowledge, Sociology of. |
| 650 | 0 | 0 | |a Reason. |
| 650 | 0 | 0 | |a System theory. |
| 852 | |a INST |b CHIOS |e 19960710 |h 301.01 ULR |p 005200003697 |q 005200003697 |t BK |y 0 | ||
| 909 | |a Χ |b 037601 | ||